Представление документа в формате MARC21

Поле Инд. ПП Название Значение
Тип записи a
Библиографический уровень m
001 Контрольный номер RU/IS/BASE/251379053
005 Дата корректировки 20250424144922.9
008 Кодируемые данные 20071219
084 a Индекс другой классификации/Индекс ББК 85.103(2=411.2)я73; 85.103(2Рос=Рус)4я73
090 00 a Полочн. индекс 85.103(2=411.2)я73
x Авторский знак И 907
097 00 a 230
245 00 a Заглавие История русского искусства
b Продолж. заглавия учебник для художественных вузов: в 2 т.
c Ответственность НИИ теории и истории изобразительных искусств ордена Ленина Академии художеств СССР; под редакцией М. М. Раковой, И. В. Рязанцева
n Номер части/ раздела Т.1
p Название части/ раздела Искусство X - первой половины XIX века
250 00 a Основные сведения об издании 2-е изд., перераб.
260 00 a Место издания Москва
b Издательство Изобразительное искусство
c Дата издания 1979
300 00 a Объем 362 с.
b Иллюстрации/ тип воспроизводства цв. ил.
336 a Термин вида содержания Текст
337 a Термин типа средства непосредственный
504 00 a Библиография Лит.: с. 296-306. - Список ил.: с. 307-314. - Указ. имен: с. 316-319.- Репрод.: с. 320
600 14 a Персоналии Баженов Василий Иванович
a Персоналии Боровиковский Владимир Лукич
a Персоналии Брюллов Карл Павлович
a Персоналии Венецианов Алексей Гаврилович
a Персоналии Дионисий
a Персоналии Иванов Александр Андреевич
a Персоналии Казаков Матвей Федорович
a Персоналии Казаков Родион Родионович
a Персоналии Кипренский Орест Адамович
a Персоналии Левицкий Дмитрий Григорьевич
a Персоналии Мартос Иван Петрович
a Персоналии Орловский Александр Осипович
a Персоналии Рокотов Федор Степанович
a Персоналии Рублев Андрей
a Персоналии Старов Иван Егорович
a Персоналии Тропинин Василий Андреевич
a Персоналии Федотов Павел Андреевич
a Персоналии Щедрин Сильвестр Феодосиевич
650 04 a Основная рубрика изобразительное искусство
a Основная рубрика искусство
a Основная рубрика история изобразительного искусства
653 00 a Ключевые слова X век
a Ключевые слова XI век
a Ключевые слова XII век
a Ключевые слова XIII век
a Ключевые слова XIV век
a Ключевые слова XIX век
a Ключевые слова XV век
a Ключевые слова XVI век
a Ключевые слова XVII век
a Ключевые слова XVIII век
a Ключевые слова академическая живопись
a Ключевые слова архитекторы
a Ключевые слова архитектура
a Ключевые слова бытовой жанр
a Ключевые слова гравюры
a Ключевые слова градостроительство
a Ключевые слова графика
a Ключевые слова декоративно-прикладное искусство
a Ключевые слова жанровая живопись
a Ключевые слова живопись
a Ключевые слова иконография
a Ключевые слова иконописцы
a Ключевые слова историческая живопись
a Ключевые слова Кремль Московский
a Ключевые слова культура
a Ключевые слова Москва
a Ключевые слова Московское княжество
a Ключевые слова национальная культура
a Ключевые слова Новгород
a Ключевые слова новое время
a Ключевые слова пейзажная живопись
a Ключевые слова портретная живопись
a Ключевые слова Псков
a Ключевые слова Россия
a Ключевые слова русское искусство
a Ключевые слова скульпторы
a Ключевые слова скульптура
a Ключевые слова средние века
a Ключевые слова традиции
a Ключевые слова храмовая архитектура
a Ключевые слова художественное творчество
a Ключевые слова художественные направления
a Ключевые слова художественные приемы
a Ключевые слова художники
655 00 a Жанр/ форма (устаревшее) учебное пособие
700 10 a Автор Ракова М. М.
e Роль лиц редактор
700 1_ a Автор Рязанцев И. В.
e Роль лиц редактор
901 t Тип документа m
952 a Тип литературы для КСУ ВШ УИ
954 a Гриф 2.8.71.1